00696nam a2200205 a 450000100060000000300090000600800410001502000150005604000280007108200160009910000290011524501160014426000410026030000110030149000160031265000420032865000450037065000440041565000310045919732CO-ViMGA141112s2004 ck r 000 u spa d a9588061679 aCO-ViMGAbspacCO-ViMGA04a301.2 E726p1 aEscobar, Arturo (et al.)10aPolítica cultural y cultura política : buna nueva mirada sobre los movimientos sociales latinoAméricanos aBogotá : bAguilar, cTauros; 2001 a492 p. aPensamiento14aCOMUNIDADES NEGRAS - América LATINA14aMOVIMIENTOS INDIGENAS - América LATINA14aMOVIMIENTOS SOCIALES - América LATINA14aMUJERES - América LATINA